| 000 | 00613nam a2200217Ia 4500 | ||
|---|---|---|---|
| 008 | 130729s9999 xx 000 0 und d | ||
| 020 | _a471715379 | ||
| 072 | _aThe Basic Nature Of Managing All Types Of Projects(More Elaborate) | ||
| 082 | _a658.4 | ||
| 082 | _bM5413 | ||
| 100 |
_aMeredith,Jack R. _9803 |
||
| 245 | _aProject Management:A Managerial Approach | ||
| 245 | _cMeredith,Jack R & Mantel,Samuel J.,Jr. | ||
| 250 | _aSixth | ||
| 260 | _aNew York | ||
| 260 | _bJohn Wiley & Sons | ||
| 260 | _c2006 | ||
| 300 | _a646 | ||
| 300 | _fIllustration,index,reference,tables & graph | ||
| 942 | _cBK | ||
| 999 |
_c6612 _d6612 |
||